La scimmia nuda : studio zoologico sull'animale uomo /
Sábháilte in:
| Príomhchruthaitheoir: | |
|---|---|
| Rannpháirtithe: | |
| Formáid: | LEABHAR |
| Teanga: | Iodáilis |
| Foilsithe / Cruthaithe: |
Milano :
Euroclub,
1977
|
| Ábhair: | |
| Clibeanna: |
Níl clibeanna ann, Bí ar an gcéad duine le clib a chur leis an taifead seo!
|
MARC
| LEADER | 00000nam a22000007i 4500 | ||
|---|---|---|---|
| 001 | IT\ICCU\NAP\0358336 | ||
| 003 | ItRI | ||
| 005 | 20260115232243.0 | ||
| 008 | 060925s1977 it |||||| ||||| |||||c | ||
| 040 | |b ita |c importazione bologna sebina | ||
| 041 | 7 | |a ita |2 ISO-639-2 | |
| 082 | |a 599.9 |9 HOMINIDAE HOMO SAPIENS |2 23 | ||
| 100 | 1 | |a Morris, Desmond |0 IT\ICCU\CFIV\001731 |4 aut | |
| 240 | 1 | 4 | |a The naked ape |3 IT\ICCU\LIA\0051601 |9 Morris, Desmond |
| 245 | 1 | 3 | |a La scimmia nuda : |b studio zoologico sull'animale uomo / |c Desmond Morris. |
| 260 | |a Milano : |b Euroclub, |c 1977 | ||
| 300 | |a 269 p. ; |c 19 cm | ||
| 500 | |a Traduzione Marisa Bergami. | ||
| 650 | 7 | |a Uomo | |
| 700 | 1 | |a Bergami, Marisa |0 IT\ICCU\SBLV\252079 |4 trl | |
| 942 | |2 ddc |c BK |n 0 | ||
| 952 | |0 0 |1 0 |4 0 |6 DOC_599_900000000000000_MOR |7 0 |9 23019 |a BO |b BO |d 2026-01-15 |i 187 |l 0 |o DOC 599.9 MOR |p BO187 |r 2026-01-15 23:22:43 |w 2026-01-15 |x [Sebina 5] [1 v.] |y BK |z 1 v. | ||
| 999 | |c 19633 |d 19633 | ||